| 000 | 00698nam a2200229 u 4500 | ||
|---|---|---|---|
| 005 | 20240910063934.0 | ||
| 008 | 141104s2003 mx r 000 0 spa d | ||
| 020 | _a9706830359 | ||
| 035 | _aUPN01000200628 | ||
| 049 | _aI | ||
| 050 | 4 |
_aPZ38 _bC9.2 |
|
| 100 | 1 |
_aCzernecki, Stefan, _d1946- _936517 |
|
| 245 | 1 | 0 |
_aDe cómo nació la piñata / _ctexto e il. Stefan Czernecki y Timothy Rhodes. |
| 260 |
_aMéxico : _bArtes de México, _cc2003. |
||
| 300 |
_a[38] p. : _bil. col. |
||
| 440 | 0 | _aLibros del alba | |
| 650 | 4 |
_aCuentos infantiles alemanes _98589 |
|
| 650 | 4 |
_aLibros y lectura para niños _92290 |
|
| 700 | 1 |
_aRhodes, Timothy, _ecoaut. |
|
| 905 | _aInfantil | ||
| 999 |
_c172729 _d172729 |
||